| 000 | 01393nam a22003737a 4500 | ||
|---|---|---|---|
| 003 | CHAP | ||
| 005 | 20220817041546.0 | ||
| 008 | 971013s1980 r 00010 d | ||
| 010 | _a18002 | ||
| 011 | _a18974 | ||
| 035 | _a23059 | ||
| 040 | _cCHAP | ||
| 090 | _aTesis | ||
| 100 | 0 | 0 |
_aCeja Barragán, Norman Antonio. _920875 |
| 245 |
_aFrecuencia de Ascaris suun y perdidas económicas que representa en cerdos del Valle de Méxicali _b: sacrificados en el rastro tipo inspección federal No. 54 en Baja California |
||
| 260 |
_aMéxico, D.F. : _bEl autor, _c1980 |
||
| 300 |
_a28 h. _b: ilus. |
||
| 502 | _aTesis (Médico Veterinario Zootecnista) -- UNAM. Fac. de Medicina Veterinaria y Zootecnia | ||
| 590 |
_aALEPH _b10 _c20130110 _lUCH01 _h1241 |
||
| 590 |
_aBATCH-UPD _b10 _c20130109 _lUCH01 _h2314 |
||
| 590 |
_aBATCH-UPD _b10 _c20130110 _lUCH01 _h1342 |
||
| 590 |
_aBATCH-UPD _b10 _c20130409 _lUCH01 _h1833 |
||
| 590 |
_aBATCH-UPD _b10 _c20130410 _lUCH01 _h0842 |
||
| 590 |
_aBATCH-UPD _b10 _c20130914 _lUCH01 _h0416 |
||
| 590 |
_aBATCH-UPD _b10 _c20130914 _lUCH01 _h2119 |
||
| 590 |
_aCONVERSION _b10 _c20130109 _lUCH01 _h1311 |
||
| 650 | 1 | 4 |
_aAscaris. _97857 |
| 650 | 1 | 4 |
_aGanado porcino _xBaja California. _945337 |
| 650 | 1 | 4 |
_aGanado porcino _xMatanza. _945380 |
| 650 | 1 | 4 |
_aGanado porcino _xParásitos. |
| 901 | _aBK | ||
| 942 | _cTESIS | ||
| 949 |
_bBC _cTES _d-53826 _eTS1 _h18628 _i23059 _si |
||
| 999 |
_c18002 _d18002 |
||